Department of Commerce Bureau of Navigation fifty-fifth annual list of merchant vessels of the United States with official numbers and signal letters and lists of vessels belonging to the United States Government with distinguishing signals for the year ended June 30 1923.

Bibliographic Details
Corporate Authors: United States. Bureau of Navigation, ProQuest (Firm)
Format: Government Document eBook
Language:English
Published: Washington : [publisher not identified], 1???
Series:United States congressional serial set.
Subjects:
Online Access:Connect to the full text of this electronic book

MARC

Tag First Indicator Second Indicator Subfields
LEADER 00000cam a22000001a 4500
001 in00002807721
005 20190331181653.0
006 m o d
007 cr bn mmmapmmp
008 091231q1uuu dcu o f000 0 eng d
035 |a cis2004334244 
040 |a UMI  |c UMI  |d UtOrBLW 
043 |a n-us--- 
086 0 |a C 11.5:923 
099 |a ProQuest Serial Set Number 8345 H.doc.30 
110 1 |a United States.  |b Bureau of Navigation. 
245 1 0 |a Department of Commerce Bureau of Navigation fifty-fifth annual list of merchant vessels of the United States with official numbers and signal letters and lists of vessels belonging to the United States Government with distinguishing signals for the year ended June 30 1923. 
246 1 |a Annual list of merchant vessels, 1923 
264 1 |a Washington :  |b [publisher not identified],  |c 1??? 
300 |a 1 online resource. 
336 |a text  |b txt  |2 rdacontent 
337 |a computer  |b c  |2 rdamedia 
338 |a online resource  |b cr  |2 rdacarrier 
490 0 |a H.doc.30 
500 |a Record is based on bibliographic data in ProQuest U.S. Serial Set Digital Collection (last viewed Dec. 2009). Reuse except for individual research requires license from ProQuest, LLC. 
510 3 |a ProQuest U.S. Serial Set Digital Collection 
500 |a Electronic resource. 
610 1 0 |a United States.  |b Bureau of Fisheries. 
610 1 0 |a United States.  |b Department of Commerce. 
651 0 |a Philippines. 
655 7 |a Electronic books.  |2 local 
710 2 |a ProQuest (Firm) 
830 0 |a United States congressional serial set. 
856 4 0 |u http://proxy.library.tamu.edu/login?url=http://congressional.proquest.com/congcomp/getdoc?SERIAL-SET-ID=8345+H.doc.30  |z Connect to the full text of this electronic book  |t 0 
999 |a MARS 
999 f f |s 02ced2ff-91be-3436-a9b3-22025518ba16  |i 3c229aff-30b0-35a8-a3a7-bdc5439b01f2  |t 0 
952 f f |a Texas A&M University  |b College Station  |c Electronic Resources  |d Available Online  |t 0  |e ProQuest Serial Set Number 8345 H.doc.30  |h Other scheme 
998 f f |a ProQuest Serial Set Number 8345 H.doc.30  |t 0  |l Available Online